The year of sharing / (Record no. 8727)

MARC details
000 -LEADER
fixed length control field 01205nam a22002777a 4500
001 - CONTROL NUMBER
control field 8727
003 - CONTROL NUMBER IDENTIFIER
control field FISKH
005 - DATE AND TIME OF LATEST TRANSACTION
control field 20251014095007.0
008 - FIXED-LENGTH DATA ELEMENTS--GENERAL INFORMATION
fixed length control field 251014b cb ||||| |||| 00| 0 eng d
020 ## - INTERNATIONAL STANDARD BOOK NUMBER
International Standard Book Number 9780194790772
040 ## - CATALOGING SOURCE
Original cataloging agency FISKH
Language of cataloging eng
Transcribing agency FISKH
Modifying agency FISKH
050 ## - LIBRARY OF CONGRESS CALL NUMBER
Classification number PE1126.A4 G557
082 ## - DEWEY DECIMAL CLASSIFICATION NUMBER
Classification number 428.6
100 ## - MAIN ENTRY--PERSONAL NAME
Personal name Gilbert, Harry
Relator term Author
245 ## - TITLE STATEMENT
Title The year of sharing /
Statement of responsibility, etc. Harry Gilbert
260 ## - PUBLICATION, DISTRIBUTION, ETC.
Place of publication, distribution, etc. New York :
Name of publisher, distributor, etc. Oxford University ,
Date of publication, distribution, etc. 1994
300 ## - PHYSICAL DESCRIPTION
Extent 56 pages :
Other physical details illustrations ;
Dimensions 20 cm
505 ## - FORMATTED CONTENTS NOTE
Formatted contents note J<br/>
520 ## - SUMMARY, ETC.
Summary, etc. Richard is bored with the quiet life of his village. He would like to have a motor-car and drive it . . . very fast. But Richard lives in a future world where there are no cars, only bicycles and small villages and green forests. And now he is twelve years old, and like the other children, he must do his Year of Sharing. He must live alone in the forest with the wild animals. He must learn to share his world; he must learn how animals live and eat and fight . . . and die.<br/>
521 8# - TARGET AUDIENCE NOTE
Target audience note 460<br/>
Source Lexile<br/>
521 8# - TARGET AUDIENCE NOTE
Target audience note J<br/>
Source Raz-Plus<br/>
650 ## - SUBJECT ADDED ENTRY--TOPICAL TERM
Topical term or geographic name entry element Elementary-High
Form subdivision Fantasy
700 ## - ADDED ENTRY--PERSONAL NAME
Personal name Grace, Gerry
Relator term Illustrator
942 ## - ADDED ENTRY ELEMENTS (KOHA)
Source of classification or shelving scheme Dewey Decimal Classification
Koha item type Books
Suppress in OPAC No
Holdings
Withdrawn status Lost status Source of classification or shelving scheme Damaged status Not for loan Home library Current library Shelving location Date acquired Total Checkouts Full call number Barcode Date last seen Copy number Price effective from Koha item type
    Dewey Decimal Classification     Footprints International School Library Network Toul Tom Poung Campus Footprints International School Library Network Toul Tom Poung Campus TTP Primary Dark Blue Bookshelves 10/14/2025   GIL 428.6 PE1126.A4 G557 2025-4579 10/14/2025 1 10/14/2025 Books